NPA Criminal Law Review-2017/ (Record no. 211809)

MARC details
000 -LEADER
fixed length control field 00511nam a22001937a 4500
005 - DATE AND TIME OF LATEST TRANSACTION
control field 20260225111744.0
010 ## - LCCN (DPL NO)
LC control number ENG-145379
020 ## - INTERNATIONAL STANDARD BOOK NUMBER
International Standard Book Number 9788193585719
Terms of availability 150.00
035 ## - SYSTEM CONTROL NUMBER
System control number EN-128911
037 ## - SOURCE OF ACQUISITION
Source of stock number/acquisition DBAD
082 14 - DEWEY DECIMAL CLASSIFICATION NUMBER
Classification number 347.972
Edition number 1
245 ## - TITLE STATEMENT
Title NPA Criminal Law Review-2017/
250 ## - EDITION STATEMENT
Edition statement 1
260 ## - PUBLICATION, DISTRIBUTION, ETC. (IMPRINT)
Place of publication, distribution, etc Hyderabad
Name of publisher, distributor, etc Sardar VallahBhai Patel National Police academy
Date of publication, distribution, etc 2017
270 ## - ADDRESS
City Hyderabad
300 ## - PHYSICAL DESCRIPTION
Extent 174p.
Dimensions 22cm(pbk)
490 ## - SERIES STATEMENT
Volume number/sequential designation 4
942 ## - ADDED ENTRY ELEMENTS (KOHA)
Institution code [OBSOLETE] dpl
Item type English Books
Source of classification or shelving scheme Dewey Decimal Classification
Classification part 347.972
Call number suffix NPA
Holdings
Withdrawn status Lost status Materials specified (bound volume or other part) Not for loan Collection code Home library Current library Date acquired Source of acquisition Cost, normal purchase price Full call number Barcode Copy number Cost, replacement price Koha item type
    VOL 4   Non-fiction Mobile Library Mobile Library 16/06/2025 Delivery of Books Act Division 150.00 347.972 NPA EN-128911 1 150.00 English Books

© Delhi Public Library
Hit Counter
free hit counter